Statistics for G.I. JOE Trivia

Click here to take the quiz!

General Stats

  • This quiz has been taken 318 times
  • The average score is 12 of 15

Answer Stats

HintAnswer% Correct
Weapons and hand-to-hand combat expert he suffered vocal cord and facial damage in helicopter crashsnake eyes
96%
G.I. Joe's iron masked foedestro
93%
Field commander and second-in-command of the G.I. Joe teamduke
93%
He is the supreme leader of the terrorist organization C.O.B.R.A.cobra commander
89%
Snake Eye's nemesis who later joins G.I. Joestormshadow
88%
Girlfriend of Destrobaroness
86%
Leader of the "Dreadnoks" and master of camoflauge and disguisezartan
84%
G.I. Joe's first in commandhawk
81%
Born Shana O'Hara she specializes in counter intelligencescarlett
78%
Known for his prominent chest tattoo of the eagle, globe and anchorgung ho
77%
C.O.B.R.A.'s most lethal saboteur and explosives expertfirefly
73%
G.I. Joe's desert survival and tracking expertdusty
71%
Snake Eye's pet wolftimber
69%
G.I. Joe's original Navy S.E.A.L.wet suit
48%
He is the G.I. Joe Team's Explosive Ordnance Disposal specialist and debuted in 1987tunnel rat
28%

Score Distribution

Percentile by Number Answered

Percent of People with Each Score

Your Score History

You have not taken this quiz